| 000 | 01717nam a2200385 c 4500 | ||
|---|---|---|---|
| 003 | BLK | ||
| 005 | 20230401030254.0 | ||
| 008 | 180409b bul|||||r ||||||| ||bul|| | ||
| 010 | _aKNG00116419000 | ||
| 020 |
_a954-9985-13-Х _bиздат.: Фигура |
||
| 040 | _aBLK | ||
| 041 |
_aBUL _cBUL |
||
| 080 |
_aБългарска литература _b821.163.2 _x(092) _z821.163.2(092) |
||
| 080 |
_aБългарска литература _b821.163.2 _x-1.09 _z821.163.2-1.09 |
||
| 080 |
_aБългарски поет _b929 Яворов, Пейо Крачолов _x _z929 Яворов, Пейо Крачолов |
||
| 100 | 1 |
_aКамбуров, Димитър Костадинов _eпърви автор _9371128 |
|
| 139 |
_aКамбуров, Димитър Костадинов _bЯ 18 |
||
| 245 | 1 | 0 |
_aЯвори и клони _cДимитър Костадинов Камбуров. |
| 257 | _aBGR | ||
| 260 |
_аСофия _bФигура _c2003 _fСофия : ЕТ Емил Райков |
||
| 300 |
_a442 с. _c20 см |
||
| 380 | _a82 | ||
| 490 | 1 | _aПоредица Опити | |
| 500 | _aОфс. изд. - 300 тир. - На гърба на кор. сер. Поредица Опити Есета върху П. К. Яворов Цена : 6 лв. | ||
| 650 | 4 |
_aПоети, български - творчество _9250545 |
|
| 650 | 4 |
_aПоезия, българска - теми, образи, сюжети _9242871 |
|
| 653 | _aбългарски поети | ||
| 653 | _aПейо Яворов | ||
| 852 | _aЦб 221864 | ||
| 856 | 4 |
_qpdf _u |
|
| 856 | 4 |
_qpdf _u |
|
| 942 |
_cKNG _n0 _01 |
||
| 944 |
_aCR _c18.11.2004 _kЦветанка_Енчева |
||
| 944 |
_aED _c21.03.2005 _k |
||
| 999 |
_c111085 _d111085 |
||